Games com zumbis - Statistics

Estatísticas Gerais
  • Esse quiz foi jogado 118 vezes
  • A pontuação média é 7 de 26
Estatísticas das Respostas
Hint Resposta % Correto
4 Resident Evil
81%
2 The Walking Dead
65%
5 The Last Of Us
64%
9 Left 4 Dead
62%
6 Plants vs Zombies
53%
1 Dying Light
49%
13 Days Gone
45%
3 Dead Island
43%
15 DayZ
42%
18 Dead Rising
33%
14 World War Z
25%
8 Project Zomboid
23%
16 Back 4 Blood
19%
10 State of Decay
18%
19 7 Days to Die
14%
11 Zombie Army
13%
23 Killing Floor
12%
17 Dead Trigger
6%
22 The Evil Within
6%
7 Unkilled
3%
24 Zombies Ate My Neighbors
1%
21 Dead Light
0%
25 Dysmantle
0%
12 Earn to Die
0%
20 Mad Zombies
0%
26 Zelter
0%
Nenhum quiz correspondente encontrado
Distribuição das Pontuações
Porcentagem de Pessoas com Cada Pontuação
Percentil de Números Respondidos
Sua Pontuação Histórica
Você não jogou esse quiz